Homenaje al insigne poeta Don José Zorrilla. (Record no. 80552)

MARC details
000 -LEADER
campo de control de longitud fija 00650nam a2200181 i 4500
001 - NÚMERO DE CONTROL
campo de control 80552
003 - IDENTIFICADOR DE NÚMERO DE CONTROL
campo de control ES-MaACL
005 - FECHA Y HORA DE LA ÚLTIMA TRANSACCIÓN
campo de control 20230906174236.0
007 - CAMPO FIJO DE DESCRIPCIÓN FÍSICA--INFORMACIÓN GENERAL
campo de control de longitud fija t|
008 - DATOS DE LONGITUD FIJA--INFORMACIÓN GENERAL
campo de control de longitud fija 041028s1933 sp ||||1| spa d
245 00 - MENCIÓN DEL TÍTULO
Título Homenaje al insigne poeta Don José Zorrilla.
260 ## - PUBLICACIÓN, DISTRIBUCIÓN, ETC.
Lugar de publicación, distribución, etc. Madrid :
Nombre del editor, distribuidor, etc. [s.n.,
Fecha de publicación, distribución, etc. 1933] (
Fabricante Villarroya)
300 ## - DESCRIPCIÓN FÍSICA
Dimensiones 23 cm.
505 8# - NOTA DE CONTENIDO CON FORMATO
Nota de contenido con formato Contiene: Valladolid y su provincia : glosa histórico-artística / por Francisco Mendizábal . Poetas vallisoletanos ; Museo de Bellas Artes / por Juan Agapito y Revilla
700 0# - ENTRADA AGREGADA--NOMBRE PERSONAL
Nombre de persona Mendizábal, Francisco.
9 (RLIN) 80210
700 1# - ENTRADA AGREGADA--NOMBRE PERSONAL
Nombre de persona Agapito y Revilla, Juan.
9 (RLIN) 18533
852 ## - LOCALIZACIÓN
Ubicación ES-MaACL
Número de control de estantería 1777-F-8
Holdings
Estatus retirado Estado de pérdida Estado de daño No para préstamo Colección Biblioteca de origen Biblioteca actual Ubicación en estantería Fecha de adquisición Fuente de adquisición Total de préstamos Signatura topográfica completa Código de barras Visto por última vez Precio de reemplazo Tipo de ítem Koha
        Colección de folletos Biblioteca del Ateneo de Madrid Biblioteca del Ateneo de Madrid Depósito folletos 17/01/2008     1777-F-8 1084219 23/02/2023 23/02/2023 Folleto